Régimen jurídico de la contaminación marina
Salvato in:
| Ente Autore: | |
|---|---|
| Natura: | Libro |
| Lingua: | spagnolo |
| Pubblicazione: |
Santiago
Librotecnia
2011
|
| Edizione: | 2a. ed |
| Soggetti: | |
| Tags: |
Aggiungi Tag
Nessun Tag, puoi essere il primo ad aggiungerne!!
|
MARC
| LEADER | 00000cam a2200000 a 4500 | ||
|---|---|---|---|
| 001 | UCE6220 | ||
| 003 | CL-VaPUC | ||
| 008 | 150326e20110300cl |||||||||||||||||spa|d | ||
| 020 | |a 9789563270402 | ||
| 082 | 0 | 4 | |a 343.83096 |b TOM |2 21 |
| 110 | 2 | |a Tomasello Hart, Leslie |e author |9 578848 | |
| 245 | 1 | 0 | |a Régimen jurídico de la contaminación marina |
| 250 | |a 2a. ed | ||
| 300 | |a 396 p | ||
| 942 | |c BK | ||
| 945 | |d 20150326 13:02:00 |a arojas | ||
| 260 | |a Santiago |b Librotecnia |c 2011 | ||
| 650 | 7 | |a DERECHO MARITIMO CHILENO |2 CL-VaPUC |9 476574 | |
| 650 | 7 | |a CONTAMINACION MARINA |2 CL-VaPUC |9 578849 | |
| 650 | 0 | |a Protección del medio ambiente |9 257626 | |
| 650 | 0 | |a Jurisprudencia |9 255952 | |
| 650 | 0 | |a Ordenamiento jurídico |9 355371 | |
| 583 | |a last modification |c 20150326 13:02:00 |k Rodrigo Vera | ||
| 999 | |c 358600 |d 358598 | ||
| 952 | |0 0 |1 0 |3 erb |4 0 |6 343_830960000000000_TOM_2011 |7 0 |8 A |9 467427 |a BIBDER |b BIBDER |i 514311K |o 343.83096 TOM 2011 |p 514311K |r 2023-01-25 |w 2019-11-23 |y BK |z Catalogado en:20150326 |k DER | ||